00279nam a2200121Ia 4500008004100000082001400041100002000055245002700075250000800102260002100110300000800131650001800139150301s2014 xx 000 0 und d a611bH14C aCHAURASIA, B.D. aHH. OF GENERAL ANATOMY a4TH bCBSaDELHIc2014 a262 aHUMAN ANATOMY